000 00713nam a2200253Ia 4500
003 OSt
005 20220912150202.0
006 a|||||r|||| 00| 0
007 ta
008 220909b |||||||| |||| 00| 0 eng d
024 _a24636
037 _cTextual
040 _aCSL
_beng
_cCSL
041 _aeng
082 _aB280bsigma, M5
100 _aHedges Larry V
245 0 _aStatistical methods for meta-analysis
260 _aOrlando
_bAcademic
_c1985
300 _axxii, 369p.
_ccm.
500 _aAppendix 328-346p.
_ccm.; Bibliography 347-360p.
_ccm.
700 _a Olkin Ingram
942 _hB280bsigma, M5
_cTEXL
_2CC
999 _c41478
_d41478